La Integración: un reto para América Latina /

sin resumen

Sparad:
Bibliografiska uppgifter
Huvudupphovsman: Añé Aguiloche, Lía
Övriga upphovsmän: Clerch, Norka
Materialtyp: Text
Språk:Spanish
Taggar: Lägg till en tagg
Inga taggar, Lägg till första taggen!

MARC

LEADER 00000 a a2200000 04500
001 11579
003 cru CIDCACS/IIS
005 20231110111458.0
008 231110b |||||||| |||| 00| 0 spa d
040 |c cru CIDCACS/IIS 
100 1 |a Añé Aguiloche, Lía  
245 1 3 |a La Integración:   |b un reto para América Latina /  |c Lía Añé Aguiloche 
520 |a sin resumen  
700 |a Clerch, Norka  
773 |g número 387; páginas 19-26  
773 0 |0 43275  |9 4843  |d París, Francia Prensa Latina. Agencia Informativa Latinoamericana  |o 23066  |t Panorama Económico Latinoamericano / 
942 |2 ddc  |c PP 
999 |c 26645  |d 26645